000 01078nam a22002897a 4500
001 4795
003 FISKH
005 20241014123302.0
008 241014b cb ||||| |||| 00| 0 eng d
020 _a9780531228210
040 _aFISKH
_beng
_cFISKH
_dFISKH
050 _aDF234.W715
082 _a938.07092
100 _aWilhelm, Doug
245 _aRelentless: Alexander the Great, Master of the Ancient World /
_cby Doug Wilhelm
260 _aNew York :
_bScholastic ;
_c2010.
300 _a128 pages :
_bcolor illustrations ;
_c19 cm .
490 _a A Wicked History
505 _aZ
520 _aAn engaging narrative about Alexander the Great who became king of Macedonia at age 20; commanded the best-trained fighting force in the ancient world; and carved a 12,000 mile-path across Asia, defeating princes, satraps, and kings to become a legend in his own time.
521 8 _a960
_bLexile
521 8 _aZ
_bRaz-Plus
650 _aBiographies
_vnon-fiction
700 _aOlson, Tod
_dSeries Editor
942 _2ddc
_cBK
_n0
999 _c4795
_d4795